<?xml version="1.0" encoding="UTF-8"?>
<record
    xmlns:xsi="http://www.w3.org/2001/XMLSchema-instance"
    xsi:schemaLocation="http://www.loc.gov/MARC21/slim http://www.loc.gov/standards/marcxml/schema/MARC21slim.xsd"
    xmlns="http://www.loc.gov/MARC21/slim">

  <leader>02653nam a2200349 i 4500</leader>
  <controlfield tag="003">DO-SdBNP</controlfield>
  <controlfield tag="005">20230512113852.0</controlfield>
  <controlfield tag="007">ta</controlfield>
  <controlfield tag="008">110301s2021    dr c          000 0 spa d</controlfield>
  <datafield tag="020" ind1=" " ind2=" ">
    <subfield code="a">9789993448464</subfield>
  </datafield>
  <datafield tag="040" ind1=" " ind2=" ">
    <subfield code="a">DO-SdBNP</subfield>
    <subfield code="b">spa</subfield>
    <subfield code="c">BNPHU</subfield>
    <subfield code="e">rda</subfield>
  </datafield>
  <datafield tag="082" ind1=" " ind2="4">
    <subfield code="a">333.95</subfield>
    <subfield code="b">R6962g</subfield>
    <subfield code="2">22</subfield>
  </datafield>
  <datafield tag="100" ind1=" " ind2=" ">
    <subfield code="a">Rodr&#xED;guez, Milagros</subfield>
    <subfield code="9">50859</subfield>
  </datafield>
  <datafield tag="245" ind1="1" ind2="0">
    <subfield code="a">Gu&#xED;a de biodiversidad en el campus UNIBE /</subfield>
    <subfield code="c">Milagros Rodr&#xED;guez, Sim&#xF3;n Guerrero ; colaborador Br&#xED;gido Peguero</subfield>
  </datafield>
  <datafield tag="264" ind1=" " ind2=" ">
    <subfield code="a">Santo Domingo :</subfield>
    <subfield code="b">UNIBE,</subfield>
    <subfield code="c">2021.</subfield>
  </datafield>
  <datafield tag="300" ind1=" " ind2=" ">
    <subfield code="a">66 p&#xE1;ginas :</subfield>
    <subfield code="b">retratos ;</subfield>
    <subfield code="c">28 cm.</subfield>
  </datafield>
  <datafield tag="336" ind1=" " ind2=" ">
    <subfield code="2">rdacontent</subfield>
    <subfield code="a">texto</subfield>
    <subfield code="b">txt</subfield>
  </datafield>
  <datafield tag="337" ind1=" " ind2=" ">
    <subfield code="2">rdamedia</subfield>
    <subfield code="a">sin mediaci&#xF3;n</subfield>
    <subfield code="b">n</subfield>
  </datafield>
  <datafield tag="338" ind1=" " ind2=" ">
    <subfield code="2">rdacarrier</subfield>
    <subfield code="a">volumen</subfield>
    <subfield code="b">nc</subfield>
  </datafield>
  <datafield tag="500" ind1=" " ind2=" ">
    <subfield code="a">Incluye glosario en la pagina 61</subfield>
  </datafield>
  <datafield tag="504" ind1=" " ind2=" ">
    <subfield code="a">Bibliograf&#xED;a : p. 62</subfield>
  </datafield>
  <datafield tag="505" ind1=" " ind2=" ">
    <subfield code="a">La biodiversidad en el campus de UNIBE --</subfield>
    <subfield code="g">La flora en UNIBE, descripci&#xF3;n de las plantas nativas presentes en el campus de UNIBE --</subfield>
    <subfield code="t">Array&#xE1;n --</subfield>
    <subfield code="t">Cereza --</subfield>
    <subfield code="t">Avellano criollo --</subfield>
    <subfield code="t">Buzunuco --</subfield>
    <subfield code="t">Cabrita --</subfield>
    <subfield code="t">Cardo Santo --</subfield>
    <subfield code="t">Do&#xF1;a Sanica --</subfield>
    <subfield code="t">Gri-gr&#xED;, Guaraguao, Guirigu&#xED; --</subfield>
    <subfield code="t">Gu&#xE1;cima --</subfield>
    <subfield code="t">Gu&#xE1;yiga --</subfield>
    <subfield code="t">Guayuyo --</subfield>
    <subfield code="t">Mara, Bar&#xED;a --</subfield>
    <subfield code="t">Memiso --</subfield>
    <subfield code="t">Mor&#xED; viv&#xED; --</subfield>
    <subfield code="t">Memiso de paloma --</subfield>
    <subfield code="t">Penda, prenda --</subfield>
    <subfield code="t">Roble --</subfield>
    <subfield code="t">Yagrumo, grayumbo --</subfield>
    <subfield code="g">Especies end&#xE9;micas de inter&#xE9;s presentes en el campus --</subfield>
    <subfield code="t">Palma real --</subfield>
    <subfield code="t">Rosa de Bayah&#xED;be --</subfield>
    <subfield code="g">Aves observadas en el campus end&#xE9;micas --</subfield>
    <subfield code="t">Cig&#xFC;a palmera --</subfield>
    <subfield code="t">Carpintero --</subfield>
    <subfield code="t">cuatro ojos --</subfield>
    <subfield code="t">P&#xE1;jaro Bobo --</subfield>
    <subfield code="t">Cotorra --</subfield>
    <subfield code="t">Perico --</subfield>
    <subfield code="g">Residentes reproductoras --</subfield>
    <subfield code="t">Ruise&#xF1;or --</subfield>
    <subfield code="t">Cig&#xFC;ita com&#xFA;n --</subfield>
    <subfield code="t">Cig&#xFC;ita de la Hierba --</subfield>
    <subfield code="t">Chua Chua --</subfield>
    <subfield code="t">Rol&#xF3;n Rabiche --</subfield>
    <subfield code="t">Rolita --</subfield>
    <subfield code="t">T&#xF3;rtola Aliblanca -- </subfield>
    <subfield code="t">Zumbadorcito --</subfield>
    <subfield code="t">Zumbador grande --</subfield>
    <subfield code="t">Vencejito de palmar --</subfield>
    <subfield code="t">La Cuyaya o Cen&#xED;calo --</subfield>
    <subfield code="t">Querebebe --</subfield>
    <subfield code="t">Lechuza com&#xFA;n --</subfield>
    <subfield code="t">Maura o Aura --</subfield>
    <subfield code="g">visitantes reproductoras --</subfield>
    <subfield code="t">Golondrina del Caribe --</subfield>
    <subfield code="t">Petigre --</subfield>
    <subfield code="t">Juli&#xE1;n Chiv&#xED; -- </subfield>
    <subfield code="g">Migratorias --</subfield>
    <subfield code="t">Candelita --</subfield>
    <subfield code="t">Cig&#xFC;ita Parula --</subfield>
    <subfield code="t">Cig&#xFC;ita Tigrina --</subfield>
    <subfield code="t">Pegapalo --</subfield>
    <subfield code="t">Cig&#xFC;ita de los Prados --</subfield>
    <subfield code="t">Cig&#xFC;ita Saltarina --</subfield>
    <subfield code="t">Cig&#xFC;ita Enmascarada --</subfield>
    <subfield code="t">Cig&#xFC;ita del Palmar --</subfield>
    <subfield code="g">Especies introducidas --</subfield>
    <subfield code="t">Paloma Dom&#xE9;stica --</subfield>
    <subfield code="t">Madame Sag&#xE1; --</subfield>
    <subfield code="g">Categor&#xED;as de amenaza de la Uni&#xF3;n Internacional por la conservaci&#xF3;n de la naturaleza (IUCN) --</subfield>
    <subfield code="g">Glosario --</subfield>
    <subfield code="g">Bibliograf&#xED;a --</subfield>
    <subfield code="g">Comit&#xE9; de sostenibilidad ambiental (CSA) de UNIBE /</subfield>
  </datafield>
  <datafield tag="590" ind1=" " ind2=" ">
    <subfield code="a">Inventariado, 2022/ YL</subfield>
  </datafield>
  <datafield tag="650" ind1=" " ind2="4">
    <subfield code="a">Biodiversidad</subfield>
    <subfield code="z">Rep&#xFA;blica Dominicana </subfield>
    <subfield code="9">82040</subfield>
  </datafield>
  <datafield tag="650" ind1=" " ind2="4">
    <subfield code="a">Conservaci&#xF3;n de la biodiversidad </subfield>
    <subfield code="9">82041</subfield>
  </datafield>
  <datafield tag="650" ind1=" " ind2="4">
    <subfield code="a">Flora </subfield>
    <subfield code="z">Rep&#xFA;blica Dominicana </subfield>
    <subfield code="9">82042</subfield>
  </datafield>
  <datafield tag="650" ind1=" " ind2="4">
    <subfield code="a">Aves</subfield>
    <subfield code="z">Rep&#xFA;blica Dominicana </subfield>
    <subfield code="9">23949</subfield>
  </datafield>
  <datafield tag="700" ind1="1" ind2=" ">
    <subfield code="a">Guerrero, Sim&#xF3;n</subfield>
    <subfield code="9">82043</subfield>
  </datafield>
  <datafield tag="700" ind1="1" ind2=" ">
    <subfield code="a">Peguero, Br&#xED;gido</subfield>
    <subfield code="e">colaborador</subfield>
    <subfield code="9">82044</subfield>
  </datafield>
  <datafield tag="910" ind1=" " ind2=" ">
    <subfield code="a">YLockward</subfield>
  </datafield>
  <datafield tag="942" ind1=" " ind2=" ">
    <subfield code="2">ddc</subfield>
    <subfield code="c">LBS1</subfield>
  </datafield>
  <datafield tag="952" ind1=" " ind2=" ">
    <subfield code="0">0</subfield>
    <subfield code="1">0</subfield>
    <subfield code="2">ddc</subfield>
    <subfield code="5">1</subfield>
    <subfield code="7">0</subfield>
    <subfield code="8">PD</subfield>
    <subfield code="a">BNPHU</subfield>
    <subfield code="b">BNPHU</subfield>
    <subfield code="c">CT</subfield>
    <subfield code="d">2021-06-24</subfield>
    <subfield code="e">Dep&#xF3;sito Legal</subfield>
    <subfield code="o">BNPHU PD 333.95 R6962g</subfield>
    <subfield code="p">2022-3507</subfield>
    <subfield code="r">2022-07-20</subfield>
    <subfield code="w">2022-07-20</subfield>
    <subfield code="y">LBS1</subfield>
  </datafield>
  <datafield tag="952" ind1=" " ind2=" ">
    <subfield code="0">0</subfield>
    <subfield code="1">0</subfield>
    <subfield code="2">ddc</subfield>
    <subfield code="5">1</subfield>
    <subfield code="7">0</subfield>
    <subfield code="8">PD</subfield>
    <subfield code="a">BNPHU</subfield>
    <subfield code="b">BNPHU</subfield>
    <subfield code="c">CT</subfield>
    <subfield code="d">2021-06-24</subfield>
    <subfield code="e">Dep&#xF3;sito Legal</subfield>
    <subfield code="l">0</subfield>
    <subfield code="o">BNPHU PD 333.95 R6962g</subfield>
    <subfield code="p">2024-1528</subfield>
    <subfield code="r">2024-03-15</subfield>
    <subfield code="t">e. 2</subfield>
    <subfield code="w">2022-07-20</subfield>
    <subfield code="y">LBS1</subfield>
  </datafield>
  <datafield tag="952" ind1=" " ind2=" ">
    <subfield code="0">0</subfield>
    <subfield code="1">0</subfield>
    <subfield code="2">ddc</subfield>
    <subfield code="5">6</subfield>
    <subfield code="7">0</subfield>
    <subfield code="8">DS</subfield>
    <subfield code="a">BNPHU</subfield>
    <subfield code="b">BNPHU</subfield>
    <subfield code="c">CT</subfield>
    <subfield code="d">2021-06-24</subfield>
    <subfield code="e">Dep&#xF3;sito Legal</subfield>
    <subfield code="l">0</subfield>
    <subfield code="o">BNPHU DS 333.95 R6962g</subfield>
    <subfield code="p">2024-1529</subfield>
    <subfield code="r">2024-03-15</subfield>
    <subfield code="t">e. 3</subfield>
    <subfield code="w">2022-07-20</subfield>
    <subfield code="y">LBS1</subfield>
  </datafield>
  <datafield tag="999" ind1=" " ind2=" ">
    <subfield code="c">52200</subfield>
    <subfield code="d">52200</subfield>
  </datafield>
</record>
